Une lettre suffit pour répondre juste #70 (attention 10 lettres tuent) - Statistiques

Statistiques générales
  • Ce quiz a été pris 73 fois
  • Le résultat moyen est 3 sur 6
Statistiques - réponses
Hint Réponse % Correct
Donne une des 5 lettres du nom de la chaîne de Montagne sur cette image par satellite : _ _ _ _ _
ALPES
100%
Donne une des 4 lettres qui complète l'anglicisme du syndrome d'épuisement professionnel : _ _ _ _ OUT BURN
93%
Donne une des 3 lettres du nom de la confédération interprofessionnelle de syndicats français de salariés, fondée en 1895, qui avait 640 000 revendiqués en France en 2022 et Philippe Martinez puis Sophie Binet comme secrétaire générale : _ _ _ CGT
80%
Donne une des 2 lettres qui est prononcé à haute voix avec le e intercalé pour nommer un modèle parfait en son genre, abouti : un modèle _e_ HV (achevé)
16%
Donne la lettre qui est la plus présente dans le titre de ce film en vf de 1995 en extrait :
J (Jumanji)
5%
Donne la lettre qui est la plus présente dans le titre de ce film en vf de 1999 en extrait :
M (La Momie)
5%
Aucun quiz correspondant
Distribution des résultats
% des personnes avec chaque résultat
Percentile par nombre de réponses
Votre historique - résultats
Vous n’avez pas pris ce quiz